[Event "7th Fischer Memorial GM 2019"]
[Site "Anogia"]
[Date "2019.09.16"]
[Round "6.4"]
[White "Kapnisis, Spyridon"]
[Black "Storey, Charles H"]
[Result "1-0"]
[WhiteElo "2465"]
[BlackElo "2282"]
[Annotator "ChessBase"]
[PlyCount "77"]
[EventDate "2019.09.11"]
[EventType "tourn"]
[EventCountry "GRE"]
[SourceTitle "playchess.com"]
[Source "ChessBase"]
[SourceQuality "1"]
[TimeControl "40/5400+30:1800+30"]

1. g3 {[%emt 0:05:43]} e5 {[%emt 0:01:23]} 2. c4 {[%emt 0:00:08]} Nf6 {[%emt 0:00:10]} 3. Bg2 {[%emt 0:00:06]} d5 {[%emt 0:02:10]} 4. cxd5 {[%emt 0:00:05]} Nxd5 {[%emt 0:00:14]} 5. Nf3 {[%emt 0:00:44]} Nc6 {[%emt 0:00:09]} 6. O-O {[%emt 0:00:11]} Nb6 {[%emt 0:01:57]} 7. b3 {[%emt 0:00:30]} g5 {[%emt 0:11:02]} 8. d4 {[%emt 0:03:13]} Nxd4 {[%emt 0:02:51]} 9. Nxe5 {[%emt 0:11:43]} Bg7 {[%emt 0:04:46]} 10. f4 {[%emt 0:02:42]} gxf4 {[%emt 0:28:43]} 11. Bxf4 {[%emt 0:05:22]} Ne6 {[%emt 0:04:27]} 12. Qxd8+ {[%emt 0:04:48]} Nxd8 {[%emt 0:00:07]} 13. Nd2 {[%emt 0:07:47]} Ne6 {[%emt 0:00:13]} 14. Rac1 {[%emt 0:02:08]} Nxf4 {[%emt 0:09:48]} 15. gxf4 {[%emt 0:00:07]} Bxe5 {[%emt 0:01:07]} 16. fxe5 {[%emt 0:00:10]} c6 {[%emt 0:00:11]} 17. Ne4 {[%emt 0:01:55]} Ke7 {[%emt 0:00:48]} 18. Rc3 {[%emt 0:22:52]} Rg8 {[%emt 0:08:33]} 19. Nd6 {[%emt 0:06:45]} Rg7 {[%emt 0:01:31]} 20. Rg3 {[%emt 0:03:03]} Rxg3 {[%emt 0:00:21]} 21. Rxf7+ {[%emt 0:00:08]} Ke6 {[%emt 0:00:34]} 22. hxg3 {[%emt 0:00:07]} Kxe5 {[%emt 0:01:54]} 23. Nxc8 {[%emt 0:01:11]} Rxc8 {[%emt 0:04:50]} 24. Rxb7 {[%emt 0:00:16]} c5 {[%emt 0:03:27]} 25. Rxh7 {[%emt 0:04:35]} c4 {[%emt 0:00:39]} 26. bxc4 {[%emt 0:00:14]} Nxc4 {[%emt 0:01:58]} 27. Rxa7 {[%emt 0:00:22]} Kd4 {[%emt 0:00:41]} 28. Bf3 {[%emt 0:03:01]} Ne5 {[%emt 0:02:04]} 29. Ra4+ {[%emt 0:00:42]} Kc3 {[%emt 0:00:09]} 30. Kf2 {[%emt 0:00:54]} Rh8 {[%emt 0:00:38]} 31. g4 {[%emt 0:01:24]} Rg8 {[%emt 0:00:36]} 32. Kg3 {[%emt 0:00:31]} Kd2 {[%emt 0:01:06]} 33. Re4 {[%emt 0:00:35]} Nc6 {[%emt 0:01:42]} 34. Rc4 {[%emt 0:01:22]} Ne5 {[%emt 0:00:13]} 35. Rc5 {[%emt 0:00:19]} Re8 {[%emt 0:01:06]} 36. a4 {[%emt 0:00:25]} Ke1 {[%emt 0:02:17]} 37. a5 {[%emt 0:00:26]} Nd7 {[%emt 0:00:18]} 38. Rd5 {[%emt 0:00:36]} Nb8 {[%emt 0:00:21]} 39. e3 {[%emt 0:00:14]} 1-0

[Event "7th Fischer Memorial GM 2019"]
[Site "Anogia"]
[Date "2019.09.16"]
[Round "6.5"]
[White "Akash Pc, Iyer"]
[Black "Gretarsson, Helgi Ass"]
[Result "0-1"]
[WhiteElo "2431"]
[BlackElo "2410"]
[Annotator "ChessBase"]
[PlyCount "70"]
[EventDate "2019.09.11"]
[EventType "tourn"]
[EventCountry "GRE"]
[SourceTitle "playchess.com"]
[Source "ChessBase"]
[SourceQuality "1"]
[TimeControl "40/5400+30:1800+30"]

1. e4 {[%emt 0:00:00]} g6 {[%emt 0:01:55]} 2. h4 {[%emt 0:00:40]} d5 {[%emt 0:03:51]} 3. e5 {[%emt 0:01:15]} h5 {[%emt 0:00:19]} 4. d4 {[%emt 0:09:28]} Bh6 {[%emt 0:03:03]} 5. Bg5 {[%emt 0:03:06]} c5 {[%emt 0:23:15]} 6. c3 {[%emt 0:02:27]} Nc6 {[%emt 0:00:21]} 7. Ne2 {[%emt 0:00:38]} Bf5 {[%emt 0:10:02]} 8. Ng3 {[%emt 0:02:30]} Bxb1 {[%emt 0:00:18]} 9. Rxb1 {[%emt 0:00:05]} cxd4 {[%emt 0:00:53]} 10. e6 {[%emt 0:07:14]} Qd6 {[%emt 0:04:32]} 11. exf7+ {[%emt 0:00:08]} Kxf7 {[%emt 0:00:01]} 12. Be2 {[%emt 0:00:57]} Bxg5 {[%emt 0:09:41]} 13. hxg5 {[%emt 0:03:06]} e6 {[%emt 0:00:24]} 14. cxd4 {[%emt 0:09:11]} Qb4+ {[%emt 0:01:12]} 15. Kf1 {[%emt 0:00:06]} Qxd4 {[%emt 0:00:08]} 16. Bd3 {[%emt 0:00:06]} Qf4 {[%emt 0:00:28]} 17. Ne2 {[%emt 0:07:49]} Qxg5 {[%emt 0:00:42]} 18. Rh3 {[%emt 0:00:09]} Nf6 {[%emt 0:09:03]} 19. Kg1 {[%emt 0:06:34]} h4 {[%emt 0:00:39]} 20. Qa4 {[%emt 0:00:22]} Qg4 {[%emt 0:04:20]} 21. Qb3 {[%emt 0:00:20]} Qb4 {[%emt 0:08:42]} 22. Qc2 {[%emt 0:00:21]} g5 {[%emt 0:00:10]} 23. Bg6+ {[%emt 0:03:01]} Kg7 {[%emt 0:00:07]} 24. Rb3 {[%emt 0:00:03]} Qe7 {[%emt 0:00:15]} 25. f4 {[%emt 0:00:04]} g4 {[%emt 0:10:03]} 26. f5 {[%emt 0:00:17]} Rac8 {[%emt 0:01:07]} 27. Nf4 {[%emt 0:02:20]} Nd4 {[%emt 0:01:31]} 28. Qf2 {[%emt 0:01:34]} e5 {[%emt 0:00:11]} 29. Re1 {[%emt 0:01:14]} Nxb3 {[%emt 0:00:11]} 30. Ne6+ {[%emt 0:00:05]} Kg8 {[%emt 0:00:03]} 31. axb3 {[%emt 0:00:05]} Qb4 {[%emt 0:00:13]} 32. Qe3 {[%emt 0:01:01]} Qb6 {[%emt 0:00:08]} 33. Qxb6 {[%emt 0:00:22]} axb6 {[%emt 0:00:01]} 34. Rxe5 {[%emt 0:00:01]} Rc1+ {[%emt 0:00:28]} 35. Kf2 {[%emt 0:00:04]} h3 {[%emt 0:00:07]} 0-1

[Event "7th Fischer Memorial GM 2019"]
[Site "Anogia"]
[Date "2019.09.17"]
[Round "7.1"]
[White "Gretarsson, Helgi Ass"]
[Black "Baenziger, Fabian"]
[Result "1/2-1/2"]
[WhiteElo "2410"]
[BlackElo "2366"]
[Annotator "TA"]
[PlyCount "191"]
[EventDate "2019.09.11"]
[EventType "tourn"]
[EventCountry "GRE"]
[SourceTitle "playchess.com"]
[Source "ChessBase"]
[SourceQuality "1"]

{[%evp 9,191,-2,1,0,8,2,2,8,0,6,29,13,50,25,59,12,22,10,28,20,33,15,22,31,29,20,76,86,75,69,72,41,64,60,89,93,76,84,147,143,134,142,143,143,145,134,137,133,141,138,150,101,117,113,121,74,253,201,200,171,214,171,190,123,120,118,120,111,122,120,127,119,151,149,175,131,121,121,138,139,116,83,79,75,76,76,66,77,70,68,84,37,108,108,106,106,110,109,110,110,114,89,81,70,287,287,287,217,287,287,281,271,216,116,116,116,116,106,105,8,62,8,37,37,62,62,62,62,62,62,68,62,62,62,62,62,62,62,62,62,79,62,79,79,79,78,78,78,78,78,78,76,76,62,55,0,76,76,76,62,78,78,78,62,77,8,8,8,8,0,8,8,8,8,8,8,8,8,8,8,8,8,8,8]} 1. d4 d5 2. Nc3 Nf6 3. Bf4 c5 4. e3 cxd4 5. exd4 Bg4 (5... a6 6. h3 Nc6 7. Nf3 Bf5 8. Bd3 Bxd3 9. Qxd3 e6 10. O-O Be7 11. Rfe1 O-O 12. Ne2 Rc8 13. c3 {1-0 (60) Abasov,N (2641)-Demchenko,A (2665) Konya 2019}) 6. f3 {B13: Caro-Kann: Exchange Variation and Panov-Botvinnik Attack} Bd7 7. Nb5 Bxb5 8. Bxb5+ Nc6 9. c3 Qb6 $146 ({Predecessor:} 9... e6 10. Qa4 Qd7 11. Ne2 Bd6 12. Bg5 Qc7 13. Bxf6 gxf6 {½-½ (30) Repka,C (2487)-Cvitan,O (2484) Zadar 2017}) 10. Qb3 e6 (10... Nh5 $5 {[%cal Rh5f4]} 11. Bd2 e6 $14) 11. Ne2 Be7 12. g4 Nd7 13. h4 a6 14. Bd3 Qxb3 15. axb3 e5 16. Be3 exd4 17. Nxd4 Nxd4 (17... Bc5 $11 {remains equal.}) 18. Bxd4 $16 Nc5 19. Bc2 Ne6 20. Be3 Rd8 21. O-O-O Bf6 22. Bb6 Rd6 23. Bf2 d4 (23... Be5 $142) 24. Rhe1 $1 O-O 25. g5 Bd8 26. f4 ({Much less strong is} 26. cxd4 $6 Bb6 $11) 26... g6 27. f5 gxf5 28. Bxf5 Bb6 29. Bg3 Rdd8 30. Rxe6 fxe6 31. Bxe6+ Kg7 32. h5 $1 {[%mdl 1024] Intending Be5+ and mate. White has strong compensation.} Rfe8 $2 (32... Rf3 $16 {keeps fighting.} 33. Be5+ {[%mdl 64] Double Attack} Kf8) 33. Be5+ $18 {[%mdl 64] Double Attack} Kf8 34. Rf1+ Ke7 35. Bc4 {[%csl Gc4][%cal Rf1f7]} Kd7 {[#]} 36. cxd4 ({White should try} 36. Bf6 $1 $18) 36... Rxe5 $16 37. dxe5 $18 {[%mdl 4096] Endgame KRB-KRB} Be3+ 38. Kc2 Bxg5 39. Rf7+ Kc6 40. Rxh7 Rd2+ 41. Kc3 Rh2 42. Kd4 Rh4+ 43. Kd3 b5 44. Be6 Kc5 45. Rc7+ Kb6 46. Rg7 Bf4 47. Ke4 {Strongly threatening Bg4.} Bh6+ 48. Rg4 Rxh5 49. Rg6 Kc5 50. Bg4 Rh1 (50... Rg5 $1 $14 51. b4+ (51. Rxh6 Rxg4+ 52. Kf5 Rg2 $16) 51... Kxb4 52. Rxh6 Rxg4+ 53. Kd5 Rg2) 51. Rxa6 $16 Re1+ 52. Kf5 Bc1 {[#]} 53. e6 $1 Bxb2 54. Ra2 Bc3 55. Be2 {e7 would kill now.} Kd6 56. Ra6+ Ke7 $2 (56... Kc5 $1 $14) 57. Ra7+ $18 Kd6 58. Bg4 ({Worse is} 58. Bxb5 Re5+ 59. Kg6 Rxb5 $11) 58... Rf1+ 59. Kg6 Rg1 60. Rd7+ Kc6 61. Rd3 (61. Kf5 $18 {Bf3+ is the strong threat.} Rf1+ 62. Kg5) 61... Bb4 $16 62. Kf5 Kb6 63. Re3 {Threatens to win with e7.} Be7 64. Re4 (64. Rc3 $16) 64... Kc6 (64... Rb1 $11) 65. Ke5 (65. Rd4 $14) 65... Rf1 {[%csl Gf1][%cal Re7f6]} 66. Bf5 Rf3 67. Rd4 {aiming for Be4+.} Rxb3 68. Be4+ Kb6 69. Rd7 Bh4 70. e7 (70. Rh7 {looks sharper.} Bg5 71. Kd6 Re3 72. Rb7+ Ka6 73. Rg7) 70... Bxe7 $1 71. Rxe7 $14 {KRB-KR} Kc5 72. Rc7+ Kb4 73. Kd4 Rh3 74. Rc1 Rb3 75. Bc2 Rb2 76. Bd3 Rb3 77. Ra1 Ra3 78. Rh1 Rb3 79. Rh6 Ka5 80. Rd6 Kb4 81. Ra6 Rc3 82. Ra1 (82. Rh6 {is more complex.} Rc5 83. Rh1 Rg5 84. Be4 Ka3 85. Bd5) 82... Ra3 $1 {[%cal Ra3a1]} 83. Rd1 Rb3 84. Bc2 Rb2 85. Rc1 Ka3 86. Kd3 b4 87. Ra1+ (87. Kc4 $16) 87... Ra2 $11 {The position is equal.} 88. Rb1 Rb2 89. Ra1+ Ra2 90. Rh1 b3 91. Bb1 Kb2 92. Kc4 Ra4+ 93. Kb5 Ra1 94. Kb4 {Black must now prevent Rh2+.} Rxb1 95. Rxb1+ Kxb1 96. Kxb3 {Accuracy: White = 56%, Black = 57%.} 1/2-1/2

[Event "7th Fischer Memorial GM 2019"]
[Site "Anogia"]
[Date "2019.09.17"]
[Round "7.2"]
[White "Storey, Charles H"]
[Black "Akash Pc, Iyer"]
[Result "0-1"]
[WhiteElo "2282"]
[BlackElo "2431"]
[Annotator "ChessBase"]
[PlyCount "80"]
[EventDate "2019.09.11"]
[EventType "tourn"]
[EventCountry "GRE"]
[SourceTitle "playchess.com"]
[Source "ChessBase"]
[SourceQuality "1"]
[TimeControl "40/5400+30:1800+30"]

1. d4 {[%emt 0:00:00]} Nf6 {[%emt 0:01:07]} 2. c4 {[%emt 0:00:00]} g6 {[%emt 0:00:33]} 3. Nc3 {[%emt 0:00:00]} Bg7 {[%emt 0:00:10]} 4. e4 {[%emt 0:00:00]} d6 {[%emt 0:00:07]} 5. Be2 {[%emt 0:00:06]} O-O {[%emt 0:00:42]} 6. Be3 {[%emt 0:00:06]} e5 {[%emt 0:02:05]} 7. d5 {[%emt 0:01:40]} Na6 {[%emt 0:04:01]} 8. g4 {[%emt 0:05:02]} Nc5 {[%emt 0:00:13]} 9. Bf3 {[%emt 0:00:58]} Qe7 {[%emt 0:11:20]} 10. h4 {[%emt 0:01:09]} c6 {[%emt 0:01:28]} 11. h5 {[%emt 0:03:17]} cxd5 {[%emt 0:00:58]} 12. cxd5 {[%emt 0:03:27]} a5 {[%emt 0:03:15]} 13. Bxc5 {[%emt 0:03:50]} dxc5 {[%emt 0:00:21]} 14. h6 {[%emt 0:01:16]} Bh8 {[%emt 0:00:10]} 15. Qe2 {[%emt 0:08:09]} Ne8 {[%emt 0:01:15]} 16. Qe3 {[%emt 0:01:05]} Nd6 {[%emt 0:01:30]} 17. Qxc5 {[%emt 0:01:10]} Bd7 {[%emt 0:00:06]} 18. Be2 {[%emt 0:01:38]} Rfc8 {[%emt 0:01:13]} 19. Qb6 {[%emt 0:00:17]} Nc4 {[%emt 0:01:43]} 20. Bxc4 {[%emt 0:00:10]} Rxc4 {[%emt 0:00:04]} 21. f3 {[%emt 0:02:09]} Bf6 {[%emt 0:01:38]} 22. Nh3 {[%emt 0:03:23]} Rb4 {[%emt 0:01:03]} 23. d6 {[%emt 0:01:30]} Bh4+ {[%emt 0:00:41]} 24. Kf1 {[%emt 0:03:48]} Qe6 {[%emt 0:00:27]} 25. Qe3 {[%emt 0:01:06]} Rxb2 {[%emt 0:01:05]} 26. Kg1 {[%emt 0:03:59]} Rc8 {[%emt 0:02:00]} 27. Nd1 {[%emt 0:01:02]} Rbc2 {[%emt 0:00:35]} 28. Ng5 {[%emt 0:00:47]} Bxg5 {[%emt 0:00:08]} 29. Qxg5 {[%emt 0:00:04]} Qxd6 {[%emt 0:00:50]} 30. Nf2 {[%emt 0:00:16]} f6 {[%emt 0:00:13]} 31. Qe3 {[%emt 0:00:45]} R8c3 {[%emt 0:00:08]} 32. Qa7 {[%emt 0:00:14]} Rxf3 {[%emt 0:01:16]} 33. Rh2 {[%emt 0:00:21]} Rg3+ {[%emt 0:00:54]} 34. Kh1 {[%emt 0:00:14]} Qa3 {[%emt 0:00:28]} 35. Rg2 {[%emt 0:03:54]} Qf3 {[%emt 0:00:15]} 36. Rag1 {[%emt 0:00:12]} Rxg2 {[%emt 0:00:06]} 37. Rxg2 {[%emt 0:00:05]} Rc1+ {[%emt 0:00:06]} 38. Kh2 {[%emt 0:00:22]} Qf4+ {[%emt 0:00:09]} 39. Rg3 {[%emt 0:00:10]} Rc3 {[%emt 0:00:07]} 40. Nh1 {[%emt 0:00:00]} Rc2+ {[%emt 0:00:32]} 0-1

[Event "7th Fischer Memorial GM 2019"]
[Site "Anogia"]
[Date "2019.09.17"]
[Round "7.3"]
[White "Percivaldi, Martin"]
[Black "Kapnisis, Spyridon"]
[Result "1/2-1/2"]
[WhiteElo "2396"]
[BlackElo "2465"]
[Annotator "RC"]
[PlyCount "115"]
[EventDate "2019.09.11"]
[EventType "tourn"]
[EventCountry "GRE"]
[SourceTitle "playchess.com"]
[Source "ChessBase"]
[SourceQuality "1"]
[TimeControl "40/5400+30:1800+30"]

1. d4 {[%emt 0:00:48]} Nf6 {[%emt 0:00:00]} 2. Nf3 {[%emt 0:00:44]} e6 {[%emt 0:01:57]} 3. c4 {[%emt 0:00:45]} a6 {[%emt 0:01:19]} 4. Nc3 {[%emt 0:02:08]} d5 {[%emt 0:01:17]} 5. cxd5 {[%emt 0:01:32]} exd5 {[%emt 0:00:03]} 6. Bg5 {[%emt 0:00:14]} Be6 {[%emt 0:00:12]} 7. e3 {[%emt 0:00:29]} Nbd7 {[%emt 0:00:19]} 8. h3 {[%emt 0:02:25]} Be7 {[%emt 0:06:43]} 9. Bd3 {[%emt 0:01:53]} O-O {[%emt 0:02:45]} 10. O-O {[%emt 0:02:53]} c5 {[%emt 0:00:44]} 11. dxc5 {[%emt 0:05:37]} Nxc5 {[%emt 0:00:08]} 12. Nd4 {[%emt 0:00:10]} Re8 {[%emt 0:17:31]} 13. Rc1 {[%emt 0:06:05]} Qb6 {[%emt 0:06:44]} 14. Nxe6 {[%emt 0:09:03]} fxe6 {[%emt 0:01:09]} 15. b3 {[%emt 0:00:08]} Nxd3 {[%emt 0:06:06]} 16. Qxd3 {[%emt 0:00:14]} Rac8 {[%emt 0:05:00]} 17. Rc2 {[%emt 0:13:56]} Qa5 {[%emt 0:02:58]} 18. Bxf6 {[%emt 0:10:51]} Bxf6 {[%emt 0:03:37]} 19. Rfc1 {[%emt 0:01:03]} Rxc3 {[%emt 0:07:44]} 20. Rxc3 {[%emt 0:00:11]} Bxc3 {[%emt 0:00:05]} 21. Qxc3 {[%emt 0:00:12]} Qxc3 {[%emt 0:01:54]} 22. Rxc3 {[%emt 0:00:02]} Re7 {[%emt 0:00:31]} 23. Kf1 {[%emt 0:01:51]} Kf7 {[%emt 0:00:45]} 24. Ke2 {[%emt 0:08:43]} e5 {[%emt 0:00:39]} 25. Kd3 {[%emt 0:01:16]} Ke6 {[%emt 0:00:29]} 26. Rc8 {[%emt 0:00:31]} h6 {[%emt 0:02:50]} 27. f3 {[%emt 0:01:05]} Kd7 {[%emt 0:00:36]} 28. Rb8 {[%emt 0:00:29]} Kd6 {[%emt 0:02:06]} 29. g3 {[%emt 0:01:10]} g5 {[%emt 0:11:59]} 30. Rd8+ {[%emt 0:02:30]} Kc6 {[%emt 0:02:49]} 31. Rf8 {[%emt 0:01:20]} Re6 {[%emt 0:05:08]} 32. Rf7 {[%emt 0:01:00]} a5 {[%emt 0:01:14]} 33. a3 {[%emt 0:01:23]} b6 {[%emt 0:00:52]} 34. h4 {[%emt 0:04:57]} gxh4 {[%emt 0:00:40]} 35. gxh4 {[%emt 0:00:02]} Rg6 {[%emt 0:01:58]} 36. h5 {[%emt 0:02:45]} Rg3 {[%emt 0:00:14]} 37. f4 {[%emt 0:02:01]} exf4 {[%emt 0:01:41]} 38. Rxf4 {[%emt 0:00:24]} Rh3 {[%emt 0:02:04]} 39. Rf6+ {[%emt 0:00:55]} Kc5 {[%emt 0:00:07]} 40. Rxh6 {[%emt 0:00:00]} d4 {[%emt 0:00:00]} 41. b4+ {[%emt 0:20:34]} Kd5 {[%emt 0:01:17]} 42. Rxb6 {[%emt 0:00:23]} Rxe3+ {[%emt 0:00:10]} 43. Kd2 {[%emt 0:00:05]} Rxa3 {[%emt 0:00:52]} 44. h6 {[%emt 0:06:32]} axb4 {[%emt 0:02:07]} 45. Rb5+ {[%emt 0:00:20]} Kc4 {[%emt 0:04:57]} 46. Rh5 {[%emt 0:00:07]} Ra2+ {[%emt 0:00:06]} 47. Kc1 {[%emt 0:02:13]} Kc3 {[%emt 0:01:32]} 48. Kb1 {[%emt 0:01:01]} Rf2 {[%emt 0:01:50]} 49. Rh1 {[%emt 0:02:22]} Rf8 {[%emt 0:00:31]} 50. h7 {[%emt 0:00:31]} Rh8 {[%emt 0:00:06]} 51. Kc1 {[%emt 0:03:07]} b3 {[%emt 0:05:41]} 52. Kb1 {[%emt 0:00:31]} d3 {[%emt 0:01:12]} 53. Rh3 {[%emt 0:00:58]} b2 {[%emt 0:02:50]} 54. Rh6 {[%emt 0:00:24]} d2 {[%emt 0:01:31]} 55. Rc6+ {[%emt 0:00:45]} Kd3 {[%emt 0:01:27]} 56. Rd6+ {[%emt 0:00:08]} Ke2 {[%emt 0:00:47]} 57. Re6+ {[%emt 0:00:07]} Kd1 {[%emt 0:03:12]} 58. Rh6 {[%emt 0:00:20]} 1/2-1/2

[Event "7th Fischer Memorial GM 2019"]
[Site "Anogia"]
[Date "2019.09.17"]
[Round "7.4"]
[White "Mitsis, Georgios"]
[Black "Kaasen, Tor Fredrik"]
[Result "0-1"]
[WhiteElo "2374"]
[BlackElo "2405"]
[Annotator "ChessBase"]
[PlyCount "50"]
[EventDate "2019.09.11"]
[EventType "tourn"]
[EventCountry "GRE"]
[SourceTitle "playchess.com"]
[Source "ChessBase"]
[SourceQuality "1"]
[TimeControl "40/5400+30:1800+30"]

1. d4 {[%emt 0:07:37]} Nf6 {[%emt 0:00:00]} 2. c4 {[%emt 0:00:08]} e6 {[%emt 0:00:07]} 3. Nf3 {[%emt 0:00:15]} b6 {[%emt 0:00:28]} 4. a3 {[%emt 0:00:18]} Bb7 {[%emt 0:00:15]} 5. Nc3 {[%emt 0:00:12]} d5 {[%emt 0:00:15]} 6. Qc2 {[%emt 0:02:57]} dxc4 {[%emt 0:00:56]} 7. e4 {[%emt 0:15:42]} c5 {[%emt 0:00:19]} 8. d5 {[%emt 0:11:01]} exd5 {[%emt 0:00:43]} 9. e5 {[%emt 0:00:06]} Ne4 {[%emt 0:07:31]} 10. Nxe4 {[%emt 0:04:54]} dxe4 {[%emt 0:00:09]} 11. e6 {[%emt 0:35:54]} fxe6 {[%emt 0:07:46]} 12. Ng5 {[%emt 0:02:18]} Nc6 {[%emt 0:05:17]} 13. Qxc4 {[%emt 0:12:48]} Nd4 {[%emt 0:03:24]} 14. Be3 {[%emt 0:01:14]} Bd5 {[%emt 0:08:20]} 15. Qc3 {[%emt 0:00:14]} Qd7 {[%emt 0:00:28]} 16. O-O-O {[%emt 0:01:17]} Be7 {[%emt 0:01:16]} 17. Kb1 {[%emt 0:00:59]} O-O {[%emt 0:00:54]} 18. Bc4 {[%emt 0:00:26]} b5 {[%emt 0:02:18]} 19. Bxd5 {[%emt 0:00:27]} exd5 {[%emt 0:00:16]} 20. Nh3 {[%emt 0:00:35]} Ne6 {[%emt 0:00:35]} 21. Qe5 {[%emt 0:00:15]} Rad8 {[%emt 0:00:08]} 22. g4 {[%emt 0:00:37]} Qd6 {[%emt 0:00:55]} 23. Qh5 {[%emt 0:00:38]} d4 {[%emt 0:01:01]} 24. g5 {[%emt 0:00:09]} Qe5 {[%emt 0:00:37]} 25. Bc1 {[%emt 0:00:05]} Rf3 {[%emt 0:01:29]} 0-1

[Event "7th Fischer Memorial GM 2019"]
[Site "Anogia"]
[Date "2019.09.18"]
[Round "8.2"]
[White "Kaasen, Tor Fredrik"]
[Black "Stoyanov, Tsvetan"]
[Result "1-0"]
[WhiteElo "2405"]
[BlackElo "2373"]
[Annotator "NA"]
[PlyCount "117"]
[EventDate "2019.09.11"]
[EventType "tourn"]
[EventCountry "GRE"]
[SourceTitle "playchess.com"]
[Source "ChessBase"]
[SourceQuality "1"]
[TimeControl "40/5400+30:1800+30"]

1. e4 {[%emt 0:00:00]} e5 {[%emt 0:04:26]} 2. Nf3 {[%emt 0:00:06]} Nc6 {[%emt 0:00:07]} 3. Bb5 {[%emt 0:00:28]} a6 {[%emt 0:00:13]} 4. Ba4 {[%emt 0:00:07]} Nf6 {[%emt 0:00:11]} 5. O-O {[%emt 0:00:15]} Be7 {[%emt 0:00:04]} 6. Re1 {[%emt 0:00:20]} b5 {[%emt 0:00:20]} 7. Bb3 {[%emt 0:00:06]} d6 {[%emt 0:00:14]} 8. c3 {[%emt 0:00:14]} O-O {[%emt 0:00:42]} 9. h3 {[%emt 0:00:19]} Be6 {[%emt 0:00:19]} 10. d4 {[%emt 0:09:59]} Bxb3 {[%emt 0:00:18]} 11. Qxb3 {[%emt 0:01:42]} Qd7 {[%emt 0:00:26]} 12. Bg5 {[%emt 0:03:57]} h6 {[%emt 0:12:37]} 13. Bh4 {[%emt 0:00:45]} Na5 {[%emt 0:02:53]} 14. Qd1 {[%emt 0:07:37]} Qe6 {[%emt 0:07:05]} 15. Nbd2 {[%emt 0:03:01]} c5 {[%emt 0:07:22]} 16. Bg3 {[%emt 0:06:54]} Nd7 {[%emt 0:05:54]} 17. b4 {[%emt 0:07:08]} cxb4 {[%emt 0:02:27]} 18. cxb4 {[%emt 0:00:12]} Nb7 {[%emt 0:00:44]} 19. d5 {[%emt 0:02:22]} Qg6 {[%emt 0:00:38]} 20. Rc1 {[%emt 0:02:41]} Rfc8 {[%emt 0:18:35]} 21. Qb3 {[%emt 0:01:16]} Bg5 {[%emt 0:06:21]} 22. Rc6 {[%emt 0:06:52]} Nd8 {[%emt 0:08:59]} 23. Rc2 {[%emt 0:06:26]} f5 {[%emt 0:05:31]} 24. Rec1 {[%emt 0:10:23]} Rxc2 {[%emt 0:07:31]} 25. Qxc2 {[%emt 0:00:08]} f4 {[%emt 0:00:04]} 26. Bh4 {[%emt 0:00:53]} Nb6 {[%emt 0:05:45]} 27. Qd3 {[%emt 0:02:39]} Bxh4 {[%emt 0:01:59]} 28. Nxh4 {[%emt 0:00:09]} Qf6 {[%emt 0:00:25]} 29. Nf5 {[%emt 0:01:09]} Ra7 {[%emt 0:00:28]} 30. Qa3 {[%emt 0:06:46]} Kh7 {[%emt 0:01:40]} 31. Qa5 {[%emt 0:00:08]} Na8 {[%emt 0:00:37]} 32. Rc8 {[%emt 0:04:31]} Nb7 {[%emt 0:00:31]} 33. Rxa8 {[%emt 0:00:32]} Nxa5 {[%emt 0:00:29]} 34. Rxa7 {[%emt 0:00:10]} Nc4 {[%emt 0:00:02]} 35. Nf3 {[%emt 0:02:35]} Kg8 {[%emt 0:00:33]} 36. Rxg7+ {[%emt 0:02:37]} Qxg7 {[%emt 0:00:50]} 37. Nxg7 {[%emt 0:00:05]} Kxg7 {[%emt 0:00:04]} 38. Nh4 {[%emt 0:00:19]} Kf6 {[%emt 0:00:57]} 39. Nf5 {[%emt 0:01:09]} h5 {[%emt 0:00:28]} 40. f3 {[%emt 0:00:00]} Kf7 {[%emt 0:00:00]} 41. Kf2 {[%emt 0:06:12]} Kf6 {[%emt 0:01:59]} 42. Ke2 {[%emt 0:02:35]} Kf7 {[%emt 0:04:29]} 43. Kd3 {[%emt 0:00:15]} Kf6 {[%emt 0:01:32]} 44. Kc3 {[%emt 0:00:34]} Kf7 {[%emt 0:08:43]} 45. a4 {[%emt 0:02:46]} Kf6 {[%emt 0:01:02]} 46. a5 {[%emt 0:01:53]} Kf7 {[%emt 0:04:31]} 47. Kd3 {[%emt 0:00:25]} Kf6 {[%emt 0:00:23]} 48. Ke2 {[%emt 0:00:07]} Kf7 {[%emt 0:02:20]} 49. Ke1 {[%emt 0:00:29]} Kf6 {[%emt 0:00:29]} 50. Kf2 {[%emt 0:00:11]} Kf7 {[%emt 0:01:48]} 51. g4 {[%emt 0:05:27]} Kg6 {[%emt 0:06:32]} 52. Ne7+ {[%emt 0:01:20]} Kg5 {[%emt 0:01:01]} 53. Nc6 {[%emt 0:02:22]} hxg4 {[%emt 0:00:54]} 54. hxg4 {[%emt 0:00:12]} Kh4 {[%emt 0:00:23]} 55. Nb8 {[%emt 0:00:35]} Nxa5 {[%emt 0:00:30]} 56. bxa5 {[%emt 0:00:24]} b4 {[%emt 0:00:02]} 57. Ke2 {[%emt 0:00:13]} b3 {[%emt 0:00:03]} 58. Kd2 {[%emt 0:00:09]} Kg3 {[%emt 0:00:53]} 59. g5 {[%emt 0:00:56]} 1-0